| 000 | 00965nam a22002057a 4500 | ||
|---|---|---|---|
| 003 | AM-YeHGA | ||
| 005 | 20250617153824.0 | ||
| 008 | 180130s xxu||||| |||| 00| 0 rus d | ||
| 040 | _aAM-YeHGA | ||
| 041 | 0 | _arus | |
| 245 | 0 | 0 |
_aГеология месторождений угля и горючих сланцев СССР / _cМ-во геологии и охраны недр СССР; Глав. ред.: С.А. Скробов [и др.] |
| 260 |
_aМосква : _bГосгеолтехиздат _c |
||
| 300 | _aт. | ||
| 505 | 1 | 0 |
_gТ. 10 (1962 : 403 с.) : _tУгольные бассейны и месторождения Северо-Востока СССР и Камчатки |
| 653 | 0 | _aУгольные месторождения - Геология - СССР | |
| 653 | 0 | _aСланцевые месторождения - Геология - СССР | |
| 700 | 1 |
_aСкробов, С.А. _eред. _4edt |
|
| 942 |
_2udc _cBK |
||
| 090 | _c400909 | ||
| 999 |
_c398781 _d398781 |
||